| 000 | 01054cam a22002651 4500 | ||
|---|---|---|---|
| 001 | l 39000107 | ||
| 003 | DLC | ||
| 005 | 20260227111537.0 | ||
| 008 | 780825s1939 dcu 000 0 eng | ||
| 010 | _al 39000107 | ||
| 035 | _a(OCoLC)4167745 | ||
| 040 |
_aDLC _cOAk _dPU _dDNLM _dDLC |
||
| 043 | _an-us--- | ||
| 050 | 0 | 0 |
_aHV741 _b.C56 1939a |
| 060 | 0 |
_aW3 _bWH538 1939-40c |
|
| 111 | 2 |
_aWhite House Conference on Children in a Democracy _d(1939-1940 : _cWashington, D.C.) |
|
| 245 | 1 | 0 |
_aConference on children in a democracy; _bpapers and discussions at the initial session, held in Washington, D.C., April 26, 1939. |
| 260 |
_aWashington, _bU.S. Govt. print. off., _c1939. |
||
| 300 |
_avi, 149 p. _c23 cm. |
||
| 500 | _aAt head of title: United States Department of labor. Frances Perkins, secretary. Children's bureau. Katharine F. Lenfoot, chief. | ||
| 500 | _aProgram and list of members, p. 119-149. | ||
| 650 | 0 |
_aChild welfare _vCongresses. |
|
| 650 | 0 |
_aChildren _xHealth and hygiene _vCongresses. |
|
| 740 | 0 | _aChildren in a democracy. | |
| 999 |
_c36304 _d36304 |
||